Statistics for Top 10 Most Populous U.S. States in 1990

Click here to take the quiz!

General Stats

  • This quiz has been taken 23 times
  • The average score is 8 of 10

Answer Stats

Answer% Correct
New York
100%
California
96%
Florida
96%
Texas
91%
Illinois
78%
Michigan
74%
Ohio
74%
Pennsylvania
70%
New Jersey
61%
North Carolina
61%

Score Distribution

Percentile by Number Answered

Percent of People with Each Score

Your Score History

You have not taken this quiz